000 01337cam a22003492 4500
001 0000003967
005 20151217145746.0
008 070517s xx 000 0 eng d
020 _cKES 390
040 _aKABU
_cKABU
050 0 _aQA76.27
_b.K3 1998
100 1 _aKalicharan, Noel.
_@0000159946
245 1 3 _aAn Introduction to computer studies /
_cNoel Kalicharan.
260 _aCambridge :
_bOxford University Press,
_cc1988.
300 _a367 p.
650 0 _aComputers.
_@0000153924
908 _a070517
950 _@1
999 _c2340
_d2340